Loading...
Nitrogen in soils and crops of Karnataka
| Hovedforfatter: | |
|---|---|
| Andre forfattere: | |
| Format: | Printed Book |
| Sprog: | Undetermined |
| Udgivet: |
Bangalore
University of agricultural sciences
1977
|
| LEADER | 00548nam a2200169Ia 4500 | ||
|---|---|---|---|
| 008 | 140316s9999 xx 000 0 und d | ||
| 020 | |||
| 082 | |a 631.84 |b VEN/NI | ||
| 100 | |a Venkata Rao V | ||
| 245 | |a Nitrogen in soils and crops of Karnataka | ||
| 260 | |a Bangalore |b University of agricultural sciences |c 1977 | ||
| 300 | |a 128 | ||
| 650 | |||
| 700 | |a Badiger M K | ||
| 942 | |2 ddc |c BK | ||
| 999 | |c 3149 |d 3149 | ||
| 952 | |0 0 |1 0 |2 ddc |4 0 |6 631_840000000000000_VENNI |7 0 |9 3642 |a KAUCLV |b KAUCLV |c GENERAL |d 2014-03-18 |o 631.84 VEN/NI |p 207352 |r 2014-03-18 |w 2014-03-18 |y BK | ||